00386nam a2200157 a 450000100060000000300090000600800410001502000150005604000280007108200200009910000210011924500300014026000300017030000090020065000190020920648CO-ViMGA141112s2004 ck r 000 u spa d a8408053272 aCO-ViMGAbspacCO-ViMGA04aCh 863.44 S377h1 aSerrano, Marcela10aHasta siempre, mujercitas aChile : bPlaneta, c2004 a286p14aNOVELA CHILENA